| 000 | 00381nam a22001457a 4500 | ||
|---|---|---|---|
| 999 |
_c16917 _d16917 |
||
| 008 | 180706b xxu||||| |||| 00| 0 eng d | ||
| 020 | _a8176255106 | ||
| 100 | _aAsch, M. | ||
| 245 |
_aPsychoanalysis _bIts Evaluation and Development _cM. Asch |
||
| 250 | _a1st ed. | ||
| 260 |
_aNew Dheli _bSarup & Sons _c2004 |
||
| 300 | _a197p. | ||
| 650 | _aPsychoanalysis | ||
| 942 |
_2lcc _cBK |
||